Sub, Hero, or Hoagie... What do you call it? - Statistics

General Stats
  • This quiz has been taken 34 times
    25 since last reset
  • The average score is 4 of 9
Answer Stats
Hint Answer % Correct
Standard Name Submarine
100%
Philly Hoagie
80%
Out of the oven? New England. Grinder
70%
New York? Hero
65%
Vietnamese? Bánh mì
40%
Louisiana Po' Boy
40%
Sandwich Chain Name Blimpie
20%
South Boston and Dorchester Spukie
10%
Westchester County? Wedge
10%
No matching quizzes found
Score Distribution
Percent of People with Each Score
Percentile by Number Answered
Your Score History
You have not taken this quiz since the last reset